Avant-propos (notice n° 1597078)

détails MARC
000 -LEADER
fixed length control field 02095cam a2200193 4500500
005 - DATE AND TIME OF LATEST TRANSACTION
control field 20251228074206.0
041 ## - LANGUAGE CODE
Language code of text/sound track or separate title fre
042 ## - AUTHENTICATION CODE
Authentication code dc
100 10 - MAIN ENTRY--PERSONAL NAME
Personal name Granier, François
Relator term author
245 00 - TITLE STATEMENT
Title Avant-propos
260 ## - PUBLICATION, DISTRIBUTION, ETC.
Date of publication, distribution, etc. 2018.<br/>
500 ## - GENERAL NOTE
General note 62
520 ## - SUMMARY, ETC.
Summary, etc. RésuméDans cet article, nous présentons un projet de recherche pour un gouvernement local chinois, qui consistait pour nous à apporter une approche sociologique, concernant le développement de services et infrastructures pour personnes âgées. L'acceptation d'une approche sociologique, bien accueillie au départ, s'est avec l'évolution du projet transformée en tentative d'expulsion du projet, laisser faire, puis mise sous silence des conclusions de notre recherche. Toutefois, quelques interlocuteurs conciliants ont permis à certaines de nos idées d'être, finalement utilisées. En analysant notre travail sur ce projet, nous montrons les difficultés du travail sociologique en milieu autoritaire chinois, tout en expliquant qu'il est possible de conserver une approche critique.
520 ## - SUMMARY, ETC.
Summary, etc. In this article, we present a research project done for a Chinese local government, which consisted in providing a sociological approach for the development of services and infrastructures for the elderly. The acceptance of a sociological approach, well received at the beginning, transformed in attempts to eject us from the project, let us do as we wished, while finally using practically none of the conclusions of the sociological approach. However, some official interlocutors allowed some of our ideas to be, in the end, used. By analyzing our work on this project, we show the difficulties of sociological work in a Chinese authoritarian environment, while explaining that it is possible to hold a critical approach in spite of everything.
700 10 - ADDED ENTRY--PERSONAL NAME
Personal name Moisset, Pierre
Relator term author
700 10 - ADDED ENTRY--PERSONAL NAME
Personal name Thobois, Pascal
Relator term author
786 0# - DATA SOURCE ENTRY
Note Sociologies pratiques | 37 | 2 | 2018-11-26 | p. 1-7 | 1235-9278
856 41 - ELECTRONIC LOCATION AND ACCESS
Uniform Resource Identifier <a href="https://shs.cairn.info/revue-sociologies-pratiques-2018-2-page-1?lang=fr&redirect-ssocas=7080">https://shs.cairn.info/revue-sociologies-pratiques-2018-2-page-1?lang=fr&redirect-ssocas=7080</a>

Pas d'exemplaire disponible.

PLUDOC

PLUDOC est la plateforme unique et centralisée de gestion des bibliothèques physiques et numériques de Guinée administré par le CEDUST. Elle est la plus grande base de données de ressources documentaires pour les Étudiants, Enseignants chercheurs et Chercheurs de Guinée.

Adresse

627 919 101/664 919 101

25 boulevard du commerce
Kaloum, Conakry, Guinée

Réseaux sociaux

Powered by Netsen Group @ 2025